[Event "XVII Open Internacional Villa de Ibi"]
[Site "Ibi, Spain"]
[Date "2019.09.08"]
[Round "8.6"]
[White "Ribera Cebolla, Marc"]
[Black "Diaz Velandia, Jose Manuel"]
[Result "0-1"]
[WhiteElo "2136"]
[BlackElo "2372"]
[PlyCount "63"]
[EventDate "2019.??.??"]

1. b3 {[%clk 00:15:01]} 1... Nf6 {[%clk 00:13:08]  [%emt 00:02:19]} 2. Bb2 {
[%clk 00:15:01]} 2... g6 {[%clk 00:13:09]} 3. Nf3 {[%clk 00:14:56]} 3... Bg7 {
[%clk 00:13:09]} 4. c4 {[%clk 00:14:52]} 4... O-O {[%clk 00:13:05]} 5. e3 {
[%clk 00:14:50]  [%emt 00:00:11]} 5... d6 {[%clk 00:13:03]} 6. d4 {
[%clk 00:14:36]  [%emt 00:00:15]} 6... Nbd7 {[%clk 00:13:01]} 7. Be2 {
[%clk 00:14:36]} 7... e5 {[%clk 00:12:49]  [%emt 00:00:40]} 8. Nc3 {
[%clk 00:14:10]} 8... exd4 {[%clk 00:12:25]  [%emt 00:00:22]} 9. Nxd4 {
[%clk 00:13:59]  [%emt 00:00:27]} 9... Re8 {[%clk 00:12:13]  [%emt 00:00:19]}
10. Qc2 {[%clk 00:13:27]  [%emt 00:00:22]} 10... Nc5 {
[%clk 00:12:06]  [%emt 00:00:03]} 11. Bf3 {[%clk 00:12:45]  [%emt 00:00:42]}
11... Bg4 {[%clk 00:12:03]  [%emt 00:00:05]} 12. O-O-O {
[%clk 00:11:53]  [%emt 00:00:51]} 12... a5 {[%clk 00:11:30]  [%emt 00:00:41]}
13. Bxg4 {[%clk 00:09:50]  [%emt 00:01:59]} 13... Nxg4 {
[%clk 00:11:30]  [%emt 00:00:11]} 14. h3 {[%clk 00:09:25]  [%emt 00:00:20]}
14... Nf6 {[%clk 00:11:06]  [%emt 00:00:23]} 15. Kb1 {
[%clk 00:08:37]  [%emt 00:01:03]} 15... Na6 {[%clk 00:10:44]  [%emt 00:00:11]}
16. e4 {[%clk 00:07:36]  [%emt 00:01:03]} 16... Nb4 {
[%clk 00:10:29]  [%emt 00:00:17]} 17. Qe2 {[%clk 00:07:32]  [%emt 00:00:30]}
17... Nxe4 {[%clk 00:06:13]  [%emt 00:03:53]} 18. Nxe4 {
[%clk 00:07:17]  [%emt 00:00:20]} 18... f5 {[%clk 00:06:12]  [%emt 00:00:03]}
19. Nxf5 {[%clk 00:05:56]  [%emt 00:01:23]} 19... gxf5 {
[%clk 00:06:12]  [%emt 00:00:04]} 20. Bxg7 {[%clk 00:05:30]  [%emt 00:00:23]}
20... Rxe4 {[%clk 00:06:11]  [%emt 00:00:25]} 21. Qb2 {[%clk 00:05:30]} 21...
Qe7 {[%clk 00:06:12]} 22. Bf6 {[%clk 00:05:05]  [%emt 00:00:19]} 22... Qe6 {
[%clk 00:06:13]} 23. Bh8 {[%clk 00:04:42]  [%emt 00:00:29]} 23... Qe7 {
[%clk 00:05:50]  [%emt 00:00:42]} 24. Bf6 {[%clk 00:04:18]} 24... Qf7 {
[%clk 00:05:36]  [%emt 00:00:13]} 25. f3 {[%clk 00:04:10]  [%emt 00:00:09]}
25... Re6 {[%clk 00:05:31]  [%emt 00:00:30]} 26. Bc3 {[%clk 00:04:06]} 26...
Rae8 {[%clk 00:05:28]  [%emt 00:00:17]} 27. a3 {
[%clk 00:03:22]  [%emt 00:00:42]} 27... Re2 {[%clk 00:04:47]  [%emt 00:00:29]}
28. Rd2 {[%clk 00:03:23]} 28... Re1+ {[%clk 00:04:48]} 29. Rd1 {[%emt 00:01:24]
} 29... Rxh1 30. Rxh1 Nd3 31. Qd2 Nc5 32. Qb2 0-1

[Event "XVII Open Internacional Villa de Ibi"]
[Site "Ibi, Spain"]
[Date "2019.09.08"]
[Round "8.7"]
[White "Kovacevic, Slobodan"]
[Black "Rubio Tent, Francisco"]
[Result "1-0"]
[WhiteElo "2260"]
[BlackElo "2346"]
[PlyCount "112"]
[EventDate "2019.??.??"]

1. d4 {[%clk 00:14:59]  [%emt 00:00:16]} 1... d5 {
[%clk 00:14:52]  [%emt 00:00:05]} 2. Bf4 {[%clk 00:14:58]  [%emt 00:00:03]}
2... e6 {[%clk 00:14:46]  [%emt 00:00:10]} 3. e3 {[%clk 00:14:58]} 3... c5 {
[%clk 00:14:47]} 4. c3 {[%clk 00:14:58]  [%emt 00:00:04]} 4... Nc6 {
[%clk 00:14:46]  [%emt 00:00:08]} 5. Nf3 {[%clk 00:14:59]} 5... Nf6 {
[%clk 00:14:45]  [%emt 00:00:04]} 6. Nbd2 {[%clk 00:14:59]} 6... Be7 {
[%clk 00:14:29]  [%emt 00:00:30]} 7. h3 {[%clk 00:14:57]} 7... Qb6 {
[%clk 00:14:22]} 8. Rb1 {[%clk 00:14:54]} 8... Bd7 {
[%clk 00:13:41]  [%emt 00:00:50]} 9. Bd3 {[%clk 00:14:44]  [%emt 00:00:06]}
9... cxd4 {[%clk 00:12:59]  [%emt 00:00:42]} 10. exd4 {
[%clk 00:14:42]  [%emt 00:00:27]} 10... Na5 {[%clk 00:12:53]} 11. a4 {
[%clk 00:14:42]} 11... Rc8 {[%clk 00:12:16]  [%emt 00:00:26]} 12. Ne5 {
[%clk 00:14:42]  [%emt 00:00:22]} 12... Nc6 {[%clk 00:11:52]  [%emt 00:00:55]}
13. Nxd7 {[%emt 00:00:04]} 13... Nxd7 {[%clk 00:11:48]  [%emt 00:00:04]} 14.
O-O {[%clk 00:13:40]  [%emt 00:00:21]} 14... O-O {
[%clk 00:11:39]  [%emt 00:00:32]} 15. Re1 {[%clk 00:13:32]  [%emt 00:00:03]}
15... Rfd8 {[%clk 00:10:47]  [%emt 00:00:34]} 16. Nf3 {
[%clk 00:13:26]  [%emt 00:00:19]} 16... Nf8 {[%clk 00:10:26]  [%emt 00:00:14]}
17. Bg5 {[%clk 00:12:46]  [%emt 00:00:42]} 17... Bxg5 {
[%clk 00:09:33]  [%emt 00:00:52]} 18. Nxg5 {[%clk 00:12:47]  [%emt 00:00:19]}
18... Rd7 {[%clk 00:08:45]  [%emt 00:00:33]} 19. Qh5 {
[%clk 00:12:37]  [%emt 00:00:24]} 19... h6 {[%clk 00:08:33]  [%emt 00:00:06]}
20. Nf3 {[%clk 00:12:31]  [%emt 00:00:11]} 20... Qa5 {
[%clk 00:07:27]  [%emt 00:01:02]} 21. Ra1 {[%clk 00:12:25]  [%emt 00:01:10]}
21... Qd8 {[%clk 00:06:41]} 22. Re3 {[%clk 00:12:18]} 22... Rdc7 {
[%clk 00:05:23]  [%emt 00:01:13]} 23. Nh2 {[%clk 00:12:12]  [%emt 00:00:23]}
23... Qg5 {[%clk 00:04:59]  [%emt 00:00:14]} 24. Qe2 {
[%clk 00:11:58]  [%emt 00:00:14]} 24... Ne7 {[%clk 00:04:10]  [%emt 00:00:59]}
25. Rg3 {[%clk 00:11:53]} 25... Qf4 {[%clk 00:04:03]  [%emt 00:00:09]} 26. Rf3
{[%clk 00:09:14]  [%emt 00:03:04]} 26... Qd6 {[%clk 00:03:28]  [%emt 00:00:24]}
27. Ng4 {[%clk 00:08:35]  [%emt 00:00:30]} 27... Neg6 {
[%clk 00:02:54]  [%emt 00:00:38]} 28. Qe3 {[%clk 00:08:27]  [%emt 00:00:11]}
28... Qd8 {[%clk 00:01:23]  [%emt 00:01:36]} 29. Rg3 {
[%clk 00:07:47]  [%emt 00:01:00]} 29... Qg5 {[%clk 00:00:47]  [%emt 00:00:16]}
30. Qf3 {[%clk 00:07:34]  [%emt 00:00:28]} 30... Qd2 {
[%clk 00:00:17]  [%emt 00:00:19]} 31. Rb1 {[%clk 00:07:12]  [%emt 00:00:36]}
31... Kh8 {[%clk 00:00:19]} 32. Bxg6 {[%clk 00:04:44]  [%emt 00:02:19]} 32...
Nxg6 {[%emt 00:00:03]} 33. Ne3 {[%clk 00:04:45]} 33... Qd3 {
[%clk 00:00:15]  [%emt 00:00:04]} 34. Rd1 {[%clk 00:04:38]  [%emt 00:00:24]}
34... Qa6 {[%clk 00:00:07]} 35. Ra1 {[%clk 00:04:37]} 35... Qd6 {
[%clk 00:00:06]  [%emt 00:00:08]} 36. Ng4 {[%clk 00:04:18]  [%emt 00:00:13]}
36... Qf4 {[%clk 00:00:08]} 37. Qe2 {[%clk 00:04:18]  [%emt 00:00:36]} 37...
Qf5 {[%clk 00:00:06]} 38. Ne3 {[%clk 00:03:42]  [%emt 00:00:45]} 38... Qe4 {
[%clk 00:00:06]} 39. Qh5 {[%clk 00:03:15]} 39... Nf4 {[%clk 00:00:05]} 40. Qg4
{[%clk 00:03:15]  [%emt 00:00:03]} 40... Ng6 {[%clk 00:00:04]  [%emt 00:00:03]}
41. Qxe4 {[%clk 00:03:06]  [%emt 00:00:10]} 41... dxe4 {[%emt 00:00:03]} 42.
Rg4 Ne7 {[%clk 00:00:05]} 43. Rxe4 {[%clk 00:03:09]  [%emt 00:00:20]} 43... Kg8
{[%clk 00:00:04]} 44. Re5 {[%clk 00:03:08]} 44... Nc6 {[%clk 00:00:05]} 45. Re4
{[%clk 00:03:05]} 45... Na5 {[%clk 00:00:05]} 46. Re5 {
[%clk 00:02:52]  [%emt 00:00:19]} 46... Nb3 {[%clk 00:00:04]} 47. Rd1 {
[%clk 00:02:49]} 47... b6 {[%clk 00:00:04]} 48. Ng4 {
[%clk 00:02:48]  [%emt 00:00:08]} 48... Na5 {[%clk 00:00:04]  [%emt 00:00:17]}
49. Re2 {[%clk 00:02:44]} 49... Rc4 {[%clk 00:00:05]} 50. Ra1 {[%clk 00:02:42]}
50... Nb3 {[%clk 00:00:06]} 51. Ra3 {[%clk 00:02:40]} 51... Nc1 {
[%clk 00:00:05]} 52. Rd2 {[%clk 00:02:34]  [%emt 00:00:29]} 52... a6 {
[%clk 00:00:03]} 53. Kf1 {[%clk 00:02:33]} 53... b5 {[%clk 00:00:05]} 54. axb5
{[%clk 00:02:24]} 54... axb5 {[%clk 00:00:06]} 55. Ne5 {
[%clk 00:02:17]  [%emt 00:00:15]} 55... R4c7 {[%clk 00:00:03]} 56. Ra6 {
[%clk 00:01:46]  [%emt 00:00:41]} 56... Nb3 1-0

[Event "XVII Open Internacional Villa de Ibi"]
[Site "Ibi, Spain"]
[Date "2019.09.08"]
[Round "8.8"]
[White "Galiana Fernandez, Adrian"]
[Black "Martinez Sanchez, Pedro Jose"]
[Result "1-0"]
[WhiteElo "2273"]
[BlackElo "2041"]
[PlyCount "51"]
[EventDate "2019.??.??"]

1. d4 {[%clk 00:15:02]  [%emt 00:00:31]} 1... Nf6 {
[%clk 00:14:35]  [%emt 00:00:08]} 2. c4 {[%clk 00:15:03]} 2... e6 {
[%clk 00:14:36]  [%emt 00:00:07]} 3. Nc3 {[%clk 00:15:03]} 3... Bb4 {
[%clk 00:14:36]} 4. Qc2 {[%clk 00:15:04]} 4... O-O {[%clk 00:14:33]} 5. Nf3 {
[%clk 00:15:05]} 5... d5 {[%clk 00:14:31]  [%emt 00:00:14]} 6. Bg5 {
[%clk 00:15:06]} 6... Nbd7 {[%clk 00:14:24]  [%emt 00:00:13]} 7. e3 {
[%clk 00:15:04]} 7... b6 {[%clk 00:14:19]} 8. cxd5 {
[%clk 00:15:02]  [%emt 00:00:07]} 8... exd5 {[%clk 00:14:16]  [%emt 00:00:18]}
9. Bd3 {[%clk 00:15:02]} 9... h6 {[%clk 00:14:13]} 10. Bh4 {[%clk 00:15:01]}
10... Bb7 {[%clk 00:14:05]  [%emt 00:00:09]} 11. O-O {
[%clk 00:14:59]  [%emt 00:00:12]} 11... Be7 {[%clk 00:13:58]} 12. Rfd1 {
[%clk 00:14:54]  [%emt 00:00:09]} 12... c5 {[%clk 00:13:35]  [%emt 00:00:40]}
13. Ne5 {[%clk 00:14:53]} 13... c4 {[%clk 00:13:09]  [%emt 00:00:06]} 14. Bf5 {
[%emt 00:00:58]} 14... a6 {[%clk 00:11:35]  [%emt 00:01:01]} 15. a4 {
[%clk 00:14:01]  [%emt 00:00:42]} 15... Re8 {[%clk 00:10:16]  [%emt 00:01:13]}
16. b3 {[%clk 00:13:27]  [%emt 00:01:21]} 16... Nf8 {
[%clk 00:09:05]  [%emt 00:00:34]} 17. bxc4 {[%clk 00:12:45]  [%emt 00:00:37]}
17... dxc4 {[%clk 00:09:05]  [%emt 00:00:33]} 18. Nxc4 {[%clk 00:12:46]} 18...
Nd5 {[%clk 00:08:31]  [%emt 00:00:30]} 19. Bg3 {
[%clk 00:11:28]  [%emt 00:01:03]} 19... g6 {[%clk 00:07:58]  [%emt 00:00:30]}
20. Bh3 {[%clk 00:10:53]  [%emt 00:00:45]} 20... Nb4 {
[%clk 00:07:51]  [%emt 00:00:38]} 21. Qb3 {[%clk 00:10:48]} 21... a5 {
[%clk 00:07:35]} 22. d5 {[%clk 00:10:39]} 22... Bc5 {
[%clk 00:07:22]  [%emt 00:00:14]} 23. e4 {[%clk 00:10:10]  [%emt 00:00:31]}
23... Ba6 {[%clk 00:06:42]  [%emt 00:00:49]} 24. e5 {
[%clk 00:09:44]  [%emt 00:00:20]} 24... Bc8 {[%clk 00:06:09]  [%emt 00:00:54]}
25. Bxc8 {[%clk 00:09:12]  [%emt 00:00:56]} 25... Qxc8 {[%clk 00:06:08]} 26.
Ne4 {[%clk 00:09:02]} 1-0